Statistics for Tekken characters by A.K.A.

Click here to take the quiz!

General Stats

  • This quiz has been taken 23 times
  • The average score is 9 of 15

Answer Stats

Also known asCharacter% Correct
Mad BearKuma I
95%
Black Wings of RuinDevil Jin
82%
The King of Iron FistHeihachi Mishima
82%
Cold Blooded LeaderKazuya Mishima
82%
Silver-Haired DemonChaolan Lee
77%
Silent AssassinNina Williams
64%
Lion of the RebellionLars Alexandersson
59%
Female VampireEliza
55%
The White Angel of DeathSergei Dragunov
55%
Banisher of DemonsClaudio Serafino
45%
Purple LightningReina
45%
Ecological FighterJun Kazama
41%
Animal CommanderRoger
32%
The Strongest Member of ParliamentLidia Sobieska
27%
Phantom DancerTiger Jackson
27%

Score Distribution

Percentile by Number Answered

Percent of People with Each Score

Your Score History

You have not taken this quiz